000 00727nam a2200229 a 4500
999 _c2486
_d2486
001 2486
003 BD-JhCC
005 20171102202953.0
008 171102s1998 bg ||||| |||| 00| 0 ben d
020 _a9840738429
035 _a(BD-JhCC)2486
040 _aBD-JhCC
_dBD-JhCC
041 _aben
082 _a891.4409
_bJAY 1998
100 _aজয়নুদ্দীন, মোহাম্মদ
245 _aমুনীর চৌধুরীর সাহিত্যকর্ম /
_c মোহাম্মদ জয়নুদ্দীন
260 _aঢাকা :
_bবাংলা একাডেমী,
_c1998.
300 _a288 p. :
_c21 cm.
650 _aLiteraty Works
942 _2ddc
_cBK